7th Politburo of the Chinese Communist Party (1945-1956) - Statistics

General Stats
  • This quiz has been taken 14 times
  • The average score is 9 of 15
Answer Stats
Picture Hint Answer % Correct
1945-1956 Mao Zedong
100%
1945-1956 Zhu De
89%
1955-1959 Deng Xiaoping
78%
1945-1956 Zhou Enlai
78%
1945-1956 Dong Biwu
67%
1945-1956 Liu Shaoqi
67%
1945-1956 Peng Dehuai
67%
1945-1956 Kang Sheng
56%
1955-1956 Lin Biao
56%
1945-1956 Chen Yun
44%
1945-1954 (Died) Gao Gang
44%
1945-1956 Lin Boqu
44%
1945-1956 Peng Zhen
44%
1945-1950 (Died) Ren Bishi
44%
1945-1956 Zhang Wentian
33%
No matching quizzes found
Score Distribution
Percent of People with Each Score
Percentile by Number Answered
Your Score History
You have not taken this quiz